Bệnh gia súc non
Tallennettuna:
| Aineistotyyppi: | Kirja |
|---|---|
| Tagit: |
Lisää tagi
Ei tageja, Lisää ensimmäinen tagi!
|
| Thư viện lưu trữ: | Mạng thư viện Đại học Đà Nẵng |
|---|
| LEADER | 00556nam a2200193 4500 | ||
|---|---|---|---|
| 001 | 000013647 | ||
| 003 | 9991 | ||
| 005 | 20150812150848.0 | ||
| 008 | 120320s sd | ||
| 245 | 0 | 0 | |a Bệnh gia súc non |c Đào, Trọng Đạt |
| 774 | |a Đào, Trọng Đạt |d Nông nghiệp |d H. |d 1986 |g T.1 |h 169 tr. |t Bệnh gia súc non |w 9994 | ||
| OWN | |a LSP | ||
| 999 | |a From the UDN01 | ||
| TYP | |a Monograph | ||
| TYP | |a Printed language | ||
| 980 | |a Mạng thư viện Đại học Đà Nẵng | ||